Devinez la Capitale Mystère #173 - Statistiques

Statistiques générales
  • Ce quiz a été pris 58 fois
  • Le résultat moyen est 28 sur 35
Statistiques - réponses
Type de Réponse Réponse % Correct
Lettre de l'Alphabet A
100%
Lettre de l'Alphabet B
100%
Lettre Trouvée E
100%
Lettre Trouvée N
100%
Lettre Trouvée O
100%
Lettre de l'Alphabet R
100%
Lettre de l'Alphabet S
100%
Lettre Trouvée I
98%
Lettre de l'Alphabet T
98%
Lettre Trouvée D
96%
Lettre de l'Alphabet L
96%
Lettre de l'Alphabet M
96%
Lettre de l'Alphabet P
96%
Lettre de l'Alphabet U
94%
Lettre de l'Alphabet C
89%
Lettre de l'Alphabet G
87%
Lettre Trouvée W
85%
Lettre Trouvée K
81%
Lettre Bien Placée N
81%
Lettre Trouvée H
79%
Lettre de l'Alphabet V
79%
Lettre Bien Placée W
79%
Lettre Bien Placée D
74%
Lettre de l'Alphabet Y
72%
Lettre Bien Placée I
68%
Lettre de l'Alphabet X
68%
Lettre de l'Alphabet Z
66%
Lettre Bien Placée O
64%
Lettre Bien Placée E
62%
Lettre de l'Alphabet F
57%
Lettre de l'Alphabet J
57%
Lettre de l'Alphabet Q
55%
Lettre Bien Placée H
53%
Lettre Bien Placée K
53%
Capitale Mystère Windhoek
53%
Aucun quiz correspondant
Distribution des résultats
% des personnes avec chaque résultat
Percentile par nombre de réponses
Votre historique - résultats
Vous n’avez pas pris ce quiz